Name every country to have won a Ballon d'Or - Statistics

General Stats
  • This quiz has been taken 57 times
  • The average score is 16 of 19
Answer Stats
Years Won Answer % Correct
1965, 2000, 2008, 2013, 2014, 2016, 2017 (7) Portugal
100%
2009, 2010, 2011, 2012, 2015, 2019, 2021 (7) Argentina
98%
1958, 1983, 1984, 1985, 1991, 1998, 2022 (7) France
98%
1970, 1972, 1976, 1980, 1981, 1990, 1996 (7) Germany
96%
1997, 1999, 2002, 2005, 2007 (5) Brazil
94%
2018 (1) Croatia
94%
1966, 1978, 1979, 2001 (4) England
94%
1961, 1969, 1982, 1993, 2006 (5) Italy
93%
1971, 1973, 1974,1987, 1988, 1989, 1992 (7) Netherlands
93%
1957, 1959, 1960 (3) Spain
91%
1962, 2003 (2) Czech Republic
81%
1967 (1) Hungary
80%
2004 (1) Ukraine
76%
1995 (1) Liberia
72%
1994 (1) Bulgaria
69%
1977 (1) Denmark
69%
1964 (1) Scotland
69%
1963, 1975, 1986 (3) Soviet Union
69%
1968 (1) Northern Ireland
67%
No matching quizzes found
Score Distribution
Percent of People with Each Score
Percentile by Number Answered
Your Score History
You have not taken this quiz